[Event "GER-chT Federal Cup (Women)"]
[Site "Braunfels"]
[Date "2017.06.16"]
[Round "2.6"]
[White "Braun, Kristin"]
[Black "Damrich, Alina"]
[Result "1-0"]
[WhiteElo "1860"]
[BlackElo "1744"]
[PlyCount "53"]
[EventDate "2017.06.15"]
[EventType "team-swiss"]
[EventRounds "5"]
[EventCountry "GER"]
[SourceTitle "CBM 179 Extra"]
[Source "ChessBase"]
[SourceDate "2017.08.23"]
[SourceVersion "1"]
[SourceVersionDate "2017.08.23"]
[SourceQuality "1"]
[WhiteTeam "Bayern (W)"]
[BlackTeam "Bayern (W) II"]
[WhiteTeamCountry "GER"]
[BlackTeamCountry "GER"]

1. e4 g6 2. d4 d6 3. c4 Bg7 4. Nf3 Nd7 5. Nc3 Ngf6 6. Bg5 0-0 7. Be2 c6 8. 0-0 e5 9. d5 h6 10. Bh4 g5 11. Bg3 Nc5 12. Nd2 Bd7 13. b4 Na6 14. Qb3 Qb6 15. Rab1 Rac8 16. Na4 Qc7 17. c5 Nb8 18. cxd6 Qxd6 19. Nc5 cxd5 20. exd5 Qxd5 21. Qxd5 Nxd5 22. Nc4 f6 23. Nd6 Rc7 24. Bc4 Kh8 25. Bxd5 b6 26. Nb3 Rc2 27. Nf7+ 1-0